| 000 | 00955nam a22002057a 4500 | ||
|---|---|---|---|
| 999 |
_c59730 _d59730 |
||
| 003 | Ge_BSU | ||
| 005 | 20230407124600.0 | ||
| 008 | 230407s1972 ge ||||| |||| 00| 0 geo d | ||
| 041 | _ageo | ||
| 080 | _a94(395.3) ლ-85 | ||
| 100 |
_aლორთქიფანიძე, ოთარ _91433 |
||
| 245 |
_aძველი კოლხეთის კულტურა / _cოთარ ლორთქიფანიძე; რედაქტორი ლია ღლონტი. |
||
| 264 |
_aთბილისი : _bხელოვნება, _c1972. |
||
| 300 |
_a119 გვ. : _b24 ფ. ილ. ; _c22 სმ |
||
| 520 | _aრეზუმე რუსულ და ინგლისურ ენებზე. | ||
| 653 | _aკოლხური კულტურა | ||
| 653 | _aსაქართველოს ისტორია | ||
| 700 |
_aღლონტი, ლია _eრედაქტორი _917548 |
||
| 942 |
_2udc _cBK |
||